Tilastot visalle Meriä A-Ö

Klikkaa tästä pelataksesi tätä visaa!

Yleistilastot

  • Tätä visaa on pelattu 34 kertaa
  • Keskiarvotulos 10 / 18

Vastaustilastot

AlkukirjainVihjeMeri% Oikein
AMaailman toiseksi suurin meriAtlantin valtameri
100%
KMeen suurimpia saaria ovat Kuuba ja HispaniolaKaribianmeri
85%
NSuomen pohjoisnaapurivaltion mukaan nimetty meriNorjanmeri
85%
IMaailman kolmanneksi suurin meriIntian valtameri
81%
PMerta rajaa pohjoisessa Suezin kanava, ja etelässä Bab El Mandeb-salmiPunainenmeri
81%
TMaailman suurin merialueTyynimeri
81%
GMaailman suurimman saaren mukaan nimetty meriGrönlanninmeri
78%
JMeri on nimetty sen saaren mukaan, jolla sijaitsee
Indonesia pääkaupunki
Jaavanmeri
78%
BMerta rajaavat pohjoisessa samanniminen salmi ja
etelässä Alaska ja Aleuttien saaristo.
Beringinmeri
74%
EMeren suurimmat laskujoet ovat Mekong, Helmijoki,
Punainenjoki ja Chao Phraya
Etelä-Kiinan meri
70%
VBarentsinmeren eteläpuolella sijaitseva meri/lahtiVienanmeri
37%
OMerta rajaavat Kuriilit, Sahalin, Hokkaido ja Kamtsatkan niemimaaOhotanmeri
30%
MKokonaan Turkin sisällä sijaitseva meriMarmaranmeri
26%
SLänsi-Intian, Bermudan ja Azorien välissä sijaitseva meriSargassomeri
22%
FIndonesiassa sijaitseva meri, jonka eteläpuolella on
samanniminen saari
Floresinmeri
19%
CFilippiinien eteläpuolella sijaitseva meriCelebesinmeri
11%
HUuden-Guinean länsipuolella sijaitseva meriHalmaheranmeri
4%
LIntian niemimaan, Malediivit ja Sri Lankan välissä oleva meriLakkadiivienmeri
4%

Tulosjakauma

Persentiili vastausten määrän mukaan

Jokaisen tuloksen saaneiden osuus

Tuloshistoriasi

Et ole pelannut tätä visaa